000 02517nam a22002297a 4500
005 20220203092620.0
008 220202b ||||| |||| 00| 0 eng d
020 _a817223550X
040 _cAL
041 _aeng
082 _223
_a324.2092
_bALET
100 _aP C Alexander
_916047
245 _aThrough the Corridors of Power: An Insider's Story
260 _aNew Delhi
_bHarper Collins Publishers
_c2004
300 _a480 p.
_bHB
_c24x16 cm
365 _b500.00
_c
_d500.00
520 _aThrough The Corridors of Power charts the career of P.C. Alexander, one of India’s best known bureaucrats. At the same time, this autobiography throws light on the inner workings and calculations that often take place in the corridors of power. Summary Of The Book In his book, Through the Corridors of Power, P.C. Alexander writes about his glorious days. He enjoyed a distinguished career as one of India’s highest serving bureaucrats. Often seen as being extremely loyal to Indira Gandhi, he had an unblemished career record. Post retirement, he was looked upon as a likely candidate for the Presidential election too. At the same time, he makes no attempt to hide his disillusion and bitterness at the workings within the Congress party that saw his candidature for presidency coming to nought. This refreshing candour extends throughout the book. P.C. Alexander was one of the key figures present in the Indian government through momentous events like Operation Blue Star and the dismissal of the Farooq Abdullah government in Kashmir. Both these events had long-lasting repercussions on the Indian state. P.C. Alexander’s narration of the events is a true eye-witness’ account of the circumstances and the thoughts that went into making these decisions Given his long bureaucratic career, the book explains how exactly the business of governance takes place on a day-to-day basis. While this may interest students of political science, the book also provides glimpses into the personal habits and lives of our political leaders. For example. Indira Gandhi’s love for dressing meticulously, her habit of doodling, and other little anecdotes give the book a personal touch. Given his long bureaucratic career and his role as the Governor of Tamil Nadu and Maharashtra post retirement, P.C. Alexander’s book is an accurate retelling of India’s contemporary history.
650 _aIndian History
_915716
650 _aHistory
_915717
700 _aALEXANDER (P C)
_915718
942 _2ddc
_cGF
999 _c221403
_d221403